Регионална библиотека "Любен Каравелов" - Русе

Враг пред портата (Запис номер 189658)

MARC детайли
000 -Лидер
Контролно поле с фиксирана дължина 02417nam a2200421 c 4500
003 - Код на организацията, давaща контролен номер
Контролно поле BLK
005 - Дата и час на последна редакция
Контролно поле 20180421000604.0
008 - Елементи от данни с фиксирана дължина
fixed length control field 180411b bul|||||r ||||||| ||bul||
010 ## - Наследен системен номер
LC control number KNG00198703000
020 ## - Международен стандартен номер на книга ISBN
Международен стандартен номер на книга ISBN 978-619-160-564-4
-- издат.: Авангард Прима
040 ## - Източник на каталожния запис
Идентификатор на билиотеката - собственик на записа BLK
041 ## - Код за език
Код за езика на текст/звукозапис или на отделно заглавие Български
Код за езика КДБФ Български
072 #7 - Код за тематичната категория
Код организация bullib
Код за тематична категория Н33
Текст Икономика Н
080 ## - УДК
Текстов определител УДК Туризмът от стопанско гледище. Политика по отношение на туризма. Икономика и организация на туризма. Вътрешен и международен туризъм. Вж и 379.8
УДК код - определител по УДК 338.48
УДК определител
УДК - код + определител 338.48
080 ## - УДК
Текстов определител УДК Правителствени кризи. Парламентарни кризи
УДК код - определител по УДК 328.16
УДК определител
УДК - код + определител 328.16
080 ## - УДК
Текстов определител УДК Стопански кризи. Депресии
УДК код - определител по УДК 338.124.4
УДК определител
УДК - код + определител 338.124.4
080 ## - УДК
Текстов определител УДК Пазар. Анализ на пазара. Търсене. Предлагане. Конкуренция. Маркетингова логистика
УДК код - определител по УДК 339.13
УДК определител
УДК - код + определител 339.13
100 1# - Редна дума - Автор
Автор Кръстева, Невяна Стефанова
Авторска отговорност първи автор
R(LIN) 258568
139 ## - Редно поле
Редна дума Кръстева, Невяна Стефанова
Авторски знак Кръ - К 92
245 10 - Сведения за заглавието
Заглавие Враг пред портата
Подзаглавни данни Анализ и оценка на влиянието на полит. среда върху маркетинга в туризма
Редно поле (дума) Невяна Стефанова Кръстева.
257 ## - Страна на издаване
Страна на създаване/издаване България
260 ## - Област на издателските данни
-- София
Име на издателя, разпространителя и проч. Авангард Прима
Година на издаване 2015
300 ## - Физическа характеристика
Страници 332 с.
Илюстрации и др. с табл., ил., диагр.
Размери/Мащаб 21 см
380 ## - Жанр
Жанр Обществени науки
500 ## - Общи забележки
Забележка Биогр. данни за авт. отбелязани на гърба на кор. - Библиогр. с. 321-331. - Рез. на англ. ез.
650 #4 - Допълнително описание по предмет – тема
Основно описание – тема или топоним Туризъм, международен - управление и организация
9 (RLIN) 344914
650 #4 - Допълнително описание по предмет – тема
Основно описание – тема или топоним Политически кризи - икономически проблеми
9 (RLIN) 344915
650 #4 - Допълнително описание по предмет – тема
Основно описание – тема или топоним Маркетинг - международен туризъм
9 (RLIN) 262289
653 ## - Ключова дума – ненормативна
Ключова дума международен туризъм
653 ## - Ключова дума – ненормативна
Ключова дума политически кризи
653 ## - Ключова дума – ненормативна
Ключова дума маркетинг
659 ## - Тематичен бюлетин
Тематичен бюлетин Н
852 ## - Местоположение
Форматна сигнатура Цб 283775
856 4# - Електронен адрес и достъп
Електронен формат pdf - файл
Път до файла /url/
856 4# - Електронен адрес и достъп
Електронен формат pdf - файл
Път до файла /url/
942 ## - АРТИКУЛИ
Вид на библиотечния материал Книги
Скрит в OPAC Не
944 ## - СЪЗДАВАНЕ И РЕДАКЦИЯ на ЗАПИСА
Създаване/Редакция Създаване
Дата на регистрацията/редакция 20.12.2016
Статус, дата на статуса ф /
Служител, извършил регистрацията/редакцията Виолета_Тройчева
944 ## - СЪЗДАВАНЕ И РЕДАКЦИЯ на ЗАПИСА
Създаване/Редакция Редакция
Дата на регистрацията/редакция 06.01.2017
Статус, дата на статуса ф /
Служител, извършил регистрацията/редакцията Людмила_Стоянова
999 ## - СИСТЕМНИ КОНТРОЛНИ НОМЕРА
Koha biblionumber 189658
Koha biblioitemnumber 189658
Наличности
Код за отписване Код за изгубен артикул Код за повреда Коз за рестрикции Код за отдаване Артикулен № Име на библиотеката - собственик Име на библиотеката, в която се намира в момента Статус (Текущо местоположение) Дата на вписване в системата Местоположение - отдел Цена в лева Инвентарен номер Систематично азбучна сигнатура Баркод Номер на екземпляра Цена в евро Служебна бележка Служебен тип на артикула
  Не е изгубен Не е повреден без рестрикции заемане за дома 333796 Регионална библиотека "Любен Каравелов" Русе Регионална библиотека "Любен Каравелов" Русе Заемна - подръчен фонд 2016-12-21 Заемна - подръчен фонд 29.90 120000806898 П 338.4/К 92 120000806898 1 15.29 Дост: Pk Вид: Ф N: 475 Дата: 19.12.2016 Дата инв: 05.02.2018 Бележки инв: П2018 Книги
Vip Innovations Ltd, Rousse, Bulgaria 2025